00513nam a2200181 i 450000100060000000300090000600500170001500700030003200800410003510000360007624500530011225000120016526000510017730000280022865000280025665000260028485200210031095156ES-MaACL20250823063050.0t|050524s1920 sp ||||1| spa d1 aLuis André, Eloy, d1876-193510aEtica individual y social / cEloy Luis André. a2ª ed. aMadrid : bHijos de M. G. Hernández, c1920. aVIII, 251 p. ; c24 cm. 7aMoral práctica2embne 7aÉtica social2embne aES-MaACLjF-1422